| 000 | 00581nam a2200169 4500 | ||
|---|---|---|---|
| 001 | 125988 | ||
| 003 | ES-MaACL | ||
| 005 | 20230906192730.0 | ||
| 007 | t| | ||
| 008 | 070214s1983 sp r ||||1| spa d | ||
| 245 | 0 | 0 |
_aRegresión lineal _b: un enfoque conceptual y práctico / _cE. Carbonell... [et al.]. |
| 260 |
_aMadrid : _bInstituto Nacional de Investigaciones Agrarias, _c1983. |
||
| 300 |
_a188 p. : _bil. ; _c24 cm. |
||
| 700 | 1 |
_aCarbonell, E. _935037 |
|
| 710 | 2 |
_aInstituto Nacional de Investigaciones Agrarias (España) _95168 |
|
| 852 |
_aES-MaACL _jL-5878 _bR.105812 |
||
| 999 |
_c125988 _d125988 |
||